|
|
|
|
| LEADER |
01327nam a2200265 a 4500 |
| 001 |
00023799 |
| 008 |
110823s2011 bg b 001 0 eng |
| 020 |
|
|
|a 9848272518
|
| 040 |
|
|
|a BD-DhAAL
|c BD-DhAAL
|
| 082 |
0 |
0 |
|a 347.5492077
|2 22
|
| 999 |
|
|
|c 11214
|d 11214
|
| 999 |
|
|
|c 11214
|
| 100 |
1 |
|
|a Neogi, Probir
|9 1676
|
| 245 |
1 |
|
|a The law of specific relief :
|b commentary on the specific relief act, 1877 /
|c Probir Neogi.
|
| 260 |
|
|
|a Dhaka :
|b Mullick Brothers,
|c 2011.
|
| 300 |
|
|
|a cxxxvi, 958 p. ;
|c 22 cm.
|
| 504 |
|
|
|a Includes Bibliographical references .
|
| 541 |
|
|
|e 00023299
|
| 610 |
1 |
0 |
|a Bangladesh
|t Specific Relief Act, 1877.
|9 1677
|
| 650 |
|
0 |
|a Equitable remedies
|z Bangladesh.
|9 1678
|
| 852 |
1 |
|
|a Ayesha Abed Library
|c General shelf.
|
| 942 |
|
|
|2 ddc
|c BK
|
| 952 |
|
|
|0 0
|1 0
|2 ddc
|4 0
|6 347_549207700000000_NEO
|7 0
|9 17912
|a BRACUL
|b BRACUL
|c GEN
|d 2011-08-25
|e Probir Neogi
|g 0.00
|l 24
|m 250
|o 347.5492077 NEO
|p 3010023299
|r 2026-03-28
|s 2026-01-18
|t 1
|w 2011-08-25
|y BK
|x Available
|
| 952 |
|
|
|0 0
|1 0
|2 ddc
|4 0
|6 347_549207700000000_NEO
|7 0
|9 54978
|a BRACUL
|b BRACUL
|c GEN
|d 2015-07-27
|l 22
|m 180
|o 347.5492077 NEO
|p 3010029437
|r 2026-03-30
|s 2026-01-18
|t 2
|w 2015-07-27
|y BK
|
| 952 |
|
|
|0 0
|1 0
|2 ddc
|4 0
|6 347_549207700000000_NEO
|7 0
|9 54979
|a BRACUL
|b BRACUL
|c GEN
|d 2015-07-27
|l 24
|m 203
|o 347.5492077 NEO
|p 3010029438
|q 2026-06-02
|r 2026-01-18
|s 2026-01-18
|t 3
|w 2015-07-27
|y BK
|